• 首页
  • 本馆介绍
  • 公告通知
  • 最新文献
  • 馆藏检索
  • 电子资源
  • 读者导购
  • 参考咨询
  • 我的图书馆
  • 登录
  • 详细信息显示
  • 放入我的书架
  • 预约/预借图书
  • 作者相关作品
  • 分类相关作品
  • 丛书相关作品
  • 出版社相关作品

书目信息

  • 表格格式
  • 工作单格式
  • 卡片格式
书名: Whiteness of a different color
作者: Matthew Frye Jacobson.
分册号:
分册名:
出版地: Cambridge, Mass. :
 
出版社: Harvard University Press
出版时间: 1998.
页数: x, 338 p. :
开本: 24 cm.
丛书名:
中图分类号:
科图分类号:
其他分类号: D771.262
主题词:
电子资源: http://www.h-net.org/review/hrev-a0b1l4-aa     
000 01480cam a2200361 a 450
001 E0731618547
005 20070517085124.50
008 980306s1998 maua b 001 0 eng
010    @a98015754
020    @a0674063716 (alk. paper).
035    @A(DLC) 98015754
040    @aDLC@beng@cDLC@dDLC
043    @an-us---
050 00 @aE184.E95@bJ33 1998
082 00 @a305.8/00973@2 21
090    @aD771.262
099    @dD771.262@ex140
100 1  @aJacobson, Matthew Frye,@d1958-
245 10 @aWhiteness of a different color :@bEuropean immigrants and the alchemy of race / @cMatthew Frye Jacobson.
260    @aCambridge, Mass. :@bHarvard University Press,@c1998.
300    @ax, 338 p. :@bill. ;@c24 cm.
504    @aIncludes bibliographical references (p. [283]-323) and index.
650  0 @aRacism@zUnited States@xHistory.
650  0 @aEuropean Americans@xRace identity.
650  0 @aWhites@xRace identity@zUnited States.
650  0 @aImmigrants@zUnited States@xHistory.
651  0 @aUnited States@xRace relations.
700    @aJacobson, Matthew Frye,@d1958-
856 42 @3 Book review (H-Net)@uhttp://www.h-net.org/review/hrev-a0b1l4-aa
906    @a7@bcbc@corignew@d1@eocip@f19@gy-gencatlg
920    @a**LC HAS REQ’D # OF SHELF COPIES**
955    @apc16 to la00 03-06-98; lk17 03-10-98; lk29 (E184.E95) 03-13-98; to SL 03-13-98; lh09 03-16-98; CIP ver lj15/13 10-16-98
991    @bc-GenColl@hE184.E95@iJ33 1998@p00056137828@tCopy 1@wBOOKS
    
    Whiteness of a different color : : European immigrants and the alchemy of race / / Matthew Frye Jacobson.-Cambridge, Mass. : : Harvard University Press, , 1998.
    x, 338 p. : : ill. ; ; 24 cm.
    Includes bibliographical references (p. [283]-323) and index.
    
    ISBN 0674063716 (alk. paper).
    
●
相关链接 在E读中查询图书 在五车中查询图书 在当当中查询图书 在豆瓣中查询图书


正题名:Whiteness of a different color     索取号:D771.262/x140         预约/预借

序号 登录号 条形码 馆藏地/架位号 状态 备注
1 10026   300100263   第二样本阅览室/ [索取号:D771.262/x140] 在馆    
2 10027   300100272   第四借阅区/ [索取号:D771.262/x140] 在馆    
3 10028   300100281   第四借阅区/ [索取号:D771.262/x140] 在馆    
唐山师范学院图书馆 欢迎您!
大连网信软件有限公司© 版权所有